000
00238nam a2200109Ia 4500
008
240625s9999 xx 000 0 und d
041
_a
eng
082
_a
339 BLA
100
_a
BLANCHARD OLIVIER
245
_a
MACROECONOMICS
260
_c
2011
999
_c
38996
_d
38996